[Event "Polanica Zdroj op-B 47th"]
[Site "Polanica Zdroj"]
[Date "2011.??.??"]
[Round "6"]
[White "Pudlo, Jerzy"]
[Black "Wilczewski, Piotr"]
[Result "1/2-1/2"]
[WhiteElo "1702"]
[BlackElo "1908"]
[PlyCount "50"]
[EventDate "2011.08.18"]
[EventType "swiss"]
[EventRounds "9"]
[EventCountry "POL"]
[SourceTitle "CBM 144 Extra"]
[Source "ChessBase"]
[SourceDate "2011.10.28"]
[SourceVersion "1"]
[SourceVersionDate "2011.10.28"]
[SourceQuality "1"]

1. e4 e5 2. Ne2 Nc6 3. d3 Bb4+ 4. Nbc3 d5 5. exd5 Qxd5 6. a3 Bxc3+ 7. Nxc3 Qd8 8. Be3 Be6 9. g3 Bd5 10. Nxd5 Qxd5 11. f3 Nge7 12. Bg2 Nf5 13. Bf2 Ncd4 14. g4 Ne7 15. c4 Qe6 16. 0-0 0-0 17. b4 Rad8 18. Re1 Ng6 19. Bg3 Qf6 20. Ra2 Nf4 21. Bxf4 Qxf4 22. Re4 Qg5 23. Rf2 f6 24. Qd2 Qxd2 25. Rxd2 Ne6 1/2-1/2

[Event "Polanica Zdroj op Seniors 45th"]
[Site "Polanica Zdroj"]
[Date "2009.09.02"]
[Round "3"]
[White "Pudlo, Jerzy"]
[Black "Jurkiewicz, Kazimierz"]
[Result "1-0"]
[WhiteElo "1701"]
[BlackElo "1437"]
[PlyCount "41"]
[EventDate "2009.08.18"]
[EventType "swiss"]
[EventRounds "9"]
[EventCountry "POL"]
[SourceTitle "EXT 2012"]
[Source "ChessBase"]
[SourceDate "2011.11.24"]
[SourceVersion "1"]
[SourceVersionDate "2011.11.24"]
[SourceQuality "1"]

1. d4 e6 2. e4 d5 3. e5 c5 4. c3 c4 5. a4 a5 6. b3 cxb3 7. Qxb3 b6 8. Nf3 Be7 9. Bb5+ Bd7 10. Bxd7+ Nxd7 11. Na3 Rc8 12. Nb5 Rc4 13. 0-0 Qb8 14. Ba3 Nh6 15. Bxe7 Kxe7 16. Qa3+ Kd8 17. h3 f5 18. Ng5 Re8 19. Nd6 Re7 20. Nxc4 dxc4 21. Nxh7 1-0

[Event "Polanica Zdroj op Seniors 45th"]
[Site "Polanica Zdroj"]
[Date "2009.08.25"]
[Round "8"]
[White "Pudlo, Jerzy"]
[Black "Galka, Kazimierz"]
[Result "1-0"]
[WhiteElo "1701"]
[BlackElo "1820"]
[PlyCount "30"]
[EventDate "2009.08.18"]
[EventType "swiss"]
[EventRounds "9"]
[EventCountry "POL"]
[SourceTitle "EXT 2012"]
[Source "ChessBase"]
[SourceDate "2011.11.24"]
[SourceVersion "1"]
[SourceVersionDate "2011.11.24"]
[SourceQuality "1"]

1. d4 Nf6 2. c4 e6 3. Nc3 c6 4. e4 d5 5. e5 Nfd7 6. f4 dxc4 7. Bxc4 Nb6 8. Bb3 c5 9. d5 exd5 10. Nxd5 c4 11. Nxb6 cxb3 12. Qxd8+ Kxd8 13. Nxa8 b6 14. Nf3 Bb7 15. Nxb6 axb6 1-0

[Event "Rowy op-A 17th"]
[Site "Rowy"]
[Date "2008.06.17"]
[Round "4.29"]
[White "Pudlo, Jerzy"]
[Black "Murawko, Julia"]
[Result "1-0"]
[WhiteElo "1686"]
[BlackElo "1505"]
[PlyCount "89"]
[EventDate "2008.06.14"]
[EventType "swiss"]
[EventRounds "9"]
[EventCountry "POL"]
[SourceTitle "EXT 2023"]
[Source "ChessBase"]
[SourceDate "2022.10.05"]
[SourceVersion "1"]
[SourceVersionDate "2022.10.05"]
[SourceQuality "1"]

1. d4 d5 2. c4 Nf6 3. Nc3 c6 4. cxd5 Nxd5 5. e4 Nxc3 6. bxc3 Qa5 7. Bd2 Qa3 8. Bc4 b5 9. Bb3 a5 10. e5 e6 11. Ne2 a4 12. Bc2 g6 13. 0-0 Bg7 14. f4 0-0 15. Kh1 Qe7 16. Ng3 Nd7 17. Ne4 Bb7 18. Qe1 c5 19. Nd6 Bc6 20. Be4 Bxe4 21. Qxe4 cxd4 22. cxd4 Rab8 23. Bb4 f6 24. Qe2 fxe5 25. dxe5 Rfd8 26. a3 Qh4 27. g3 Qh5 28. Qxh5 gxh5 29. Rab1 Bf8 30. Rfd1 Bxd6 31. Rxd6 Kf7 32. Rbd1 Rb7 33. Ba5 Ra8 34. Bb4 Nb6 35. f5 exf5 36. Rf1 Kg7 37. Rxf5 Nc4 38. Rg5+ Kf7 39. Rf6+ Ke8 40. Rg8+ Kd7 41. Rxa8 Nxe5 42. Rh6 Rc7 43. Rxh7+ Kc6 44. Rxc7+ Kxc7 45. Rh8 1-0

[Event "Chojnice op-B 2nd"]
[Site "Chojnice"]
[Date "2006.??.??"]
[Round "2"]
[White "Gasperski, Jozef"]
[Black "Pudlo, Jerzy"]
[Result "1-0"]
[WhiteElo "1800"]
[BlackElo "1800"]
[PlyCount "141"]
[EventDate "2006.07.??"]
[EventType "swiss"]
[EventRounds "9"]
[EventCountry "POL"]
[SourceTitle "EXT 2007"]
[Source "ChessBase"]
[SourceDate "2006.11.23"]
[SourceVersion "1"]
[SourceVersionDate "2006.11.23"]
[SourceQuality "1"]

1. e4 e5 2. Nf3 Nc6 3. Bc4 Bc5 4. c3 d6 5. d4 exd4 6. cxd4 Bb4+ 7. Bd2 Bxd2+ 8. Nbxd2 Bd7 9. Qb3 Nh6 10. 0-0 Na5 11. Qc3 Nxc4 12. Nxc4 0-0 13. Rfe1 Kh8 14. Rac1 b6 15. d5 f6 16. Qc2 Rc8 17. Nh4 f5 18. Nxf5 Nxf5 19. exf5 Bxf5 20. Qc3 Bg6 21. Re3 Qd7 22. Rce1 Rce8 23. Rxe8 Bxe8 24. b3 Qf7 25. Qd2 Kg8 26. Re3 b5 27. Rf3 Qg6 28. Rxf8+ Kxf8 29. Ne3 c6 30. dxc6 Bxc6 31. h3 Qe6 32. Qd4 Qd7 33. Qf4+ Kg8 34. b4 a6 35. Qf5 g6 36. Qxd7 Bxd7 37. a3 Bc6 38. f4 Kf7 39. Kf2 Ke6 40. g3 d5 41. Nc2 Bd7 42. Ke3 Kd6 43. g4 h5 44. gxh5 gxh5 45. h4 Bf5 46. Nd4 Bb1 47. Nb3 Bf5 48. Nc5 Bc8 49. Kd4 Kc6 50. Ke5 a5 51. f5 axb4 52. axb4 d4 53. f6 d3 54. Nxd3 Kd7 55. Nf4 Ke8 56. Nxh5 Bg4 57. Nf4 Kf7 58. h5 Bd1 59. Kf5 Bc2+ 60. Kg5 Be4 61. h6 Bc2 62. Nd5 Kg8 63. Nc7 Bd3 64. Ne8 Bc4 65. Nd6 Bd3 66. f7+ Kf8 67. Kf6 Bh7 68. Nxb5 Bd3 69. Nc7 Bc4 70. h7 Bxf7 71. h8Q+ 1-0

[Event "Chojnice op-B 2nd"]
[Site "Chojnice"]
[Date "2006.??.??"]
[Round "4"]
[White "Gora, Jan"]
[Black "Pudlo, Jerzy"]
[Result "0-1"]
[WhiteElo "1800"]
[BlackElo "1800"]
[PlyCount "140"]
[EventDate "2006.07.??"]
[EventType "swiss"]
[EventRounds "9"]
[EventCountry "POL"]
[SourceTitle "EXT 2007"]
[Source "ChessBase"]
[SourceDate "2006.11.23"]
[SourceVersion "1"]
[SourceVersionDate "2006.11.23"]
[SourceQuality "1"]

1. e4 e5 2. Nf3 Nc6 3. Bb5 a6 4. Ba4 Nf6 5. d3 b5 6. Bb3 d6 7. h3 Na5 8. Bd2 Nxb3 9. axb3 c5 10. Nc3 Bb7 11. Ne2 Be7 12. Ng3 g6 13. 0-0 Bc6 14. Qe2 0-0 15. b4 cxb4 16. Bxb4 a5 17. Bd2 Nd7 18. Qe3 Re8 19. Qh6 Bf8 20. Qe3 Bg7 21. Nh2 d5 22. c3 Qb6 23. Ng4 Qxe3 24. Bxe3 h5 25. Nh2 h4 26. Ne2 dxe4 27. dxe4 Bxe4 28. Rfd1 Bc6 29. Rd6 Rec8 30. Rad1 Nf6 31. f3 Ne8 32. R6d2 f6 33. Ng4 Kh7 34. Nf2 a4 35. Ra1 g5 36. Nd3 Bf8 37. Bc5 Nc7 38. Bxf8 Rxf8 39. Nb4 Be8 40. Rad1 Rf7 41. Nc1 Kg6 42. Ncd3 Ne6 43. Nf2 a3 44. b3 Nc5 45. Rb1 Rd7 46. Ra2 Bf7 47. c4 bxc4 48. bxc4 Bxc4 49. Rc2 Bd3 50. Nfxd3 Nxd3 51. Nxd3 Rxd3 52. Ra2 Rc8 53. Kf2 Rdc3 54. Ke1 Rc1+ 55. Rxc1 Rxc1+ 56. Kd2 Rg1 57. Ke3 Kf5 58. Kf2 Rb1 59. Rxa3 Rb2+ 60. Kg1 Kf4 61. Ra4+ Kf5 62. g4+ hxg3 63. Rg4 g2 64. Rxg2 Rxg2+ 65. Kxg2 Kf4 66. Kf2 f5 67. Kg2 Ke3 68. Kg3 Ke2 69. h4 gxh4+ 70. Kxh4 Kxf3 0-1